L' expression des émotions chez l'homme et les animaux. Par Charles Darwin, M.A., F.R.S., Etc. Traduit de l'anglais par les docteurs Samuel Pozzi et René Benoit. Avec vingt et une gravures sur bois et sept planches photographiées
Gardado en:
| Autor Principal: | |
|---|---|
| Formato: | Libro |
| Idioma: | francés |
| Publicado: |
París
C. Reinwald et Cie., Libraires-éditeurs, 15, rue des Saints Pères
1874
|
| Edición: | 1a. ed |
| Subjects: | |
| Tags: |
Engadir etiqueta
Sen Etiquetas, Sexa o primeiro en etiquetar este rexistro!
|
MARC
| LEADER | 00000nam a2200000 a 4500 | ||
|---|---|---|---|
| 001 | UCJ5893 | ||
| 003 | CL-VaPUC | ||
| 008 | 070124e18740000FR |||||||||||||||||fre|d | ||
| 082 | 0 | 4 | |a 152.4 |b DAR |2 21 |
| 100 | |a Darwin Charles |e author |9 398 | ||
| 245 | 1 | 3 | |a L' expression des émotions chez l'homme et les animaux. Par Charles Darwin, M.A., F.R.S., Etc. Traduit de l'anglais par les docteurs Samuel Pozzi et René Benoit. Avec vingt et une gravures sur bois et sept planches photographiées |
| 250 | |a 1a. ed | ||
| 300 | |a vi, 428 p | ||
| 942 | |c BK | ||
| 945 | |d 20070124 00:00:00 |a rinostro | ||
| 260 | |a París |b C. Reinwald et Cie., Libraires-éditeurs, 15, rue des Saints Pères |c 1874 | ||
| 500 | |a Ilustraciones conforme a lo indicado; advierte erratum. Ex libris de Blanca Vergara de Errázuriz | ||
| 600 | 0 | 7 | |a POZZI, SAMUEL |2 CL-VaPUC |9 511803 |
| 600 | 0 | 7 | |a BENOIT, RENE |2 CL-VaPUC |9 511804 |
| 600 | 0 | 7 | |a VERGARA DE ERRAZURIZ, BLANCA |2 CL-VaPUC |9 511805 |
| 650 | 0 | |a Psicología animal |9 511806 | |
| 650 | 7 | |a PSICOLOGIA COMPARADA |2 CL-VaPUC |9 269754 | |
| 650 | 7 | |a FISIOGNOMIA |2 CL-VaPUC |9 334901 | |
| 650 | 0 | |a Emociones |9 265224 | |
| 650 | 7 | |a INTELIGENCIA ANIMAL |2 CL-VaPUC |9 511692 | |
| 650 | 7 | |a INSTINTOS |2 CL-VaPUC |9 334636 | |
| 650 | 0 | |a Animales |9 269820 | |
| 650 | 0 | |a Conducta |9 269782 | |
| 650 | 0 | |a Ilustraciones |9 369481 | |
| 650 | 0 | |a Grabados |9 310822 | |
| 650 | 7 | |a MARCA TIPOGRAFICA |2 CL-VaPUC |9 506100 | |
| 650 | 0 | |a Publicidad |9 314572 | |
| 650 | 7 | |a LIBRERIAS |2 CL-VaPUC |9 393756 | |
| 650 | 7 | |a EX LIBRIS |2 CL-VaPUC |9 505186 | |
| 583 | |a last modification |c 20130719 05:44:05 |k Rodrigo Vera | ||
| 999 | |c 322001 |d 321999 | ||
| 952 | |0 0 |1 0 |4 0 |6 152_400000000000000_DAR_1874 |7 0 |8 X |9 400906 |a FDOBUD |b FDOBUD |d 2019-11-22 |i 1041355 |o 152.4 DAR 1874 |p 1041355 |r 2019-11-22 |w 2019-11-22 |y BK_X |k BUD | ||